000 00504nam a2200241Ia 4500
003 IT-RoPAU
008 120407s9999 xx 000 0 und d
040 _aIT-RoPAU
040 _cIT-RoPAU
041 _aita
100 _aPaola Tabet
245 _aQuestioni storiche moderne.
250 _aParis
260 _aGallimard
260 _c1987
300 _a192 p.
300 _c21 cm
490 _aLes tempes modernes, 490
490 _v1
710 _aetc.
942 _cBK
999 _c27978
_d27978